| 000 | 00852nam a22002177a 4500 | ||
|---|---|---|---|
| 008 | 090129t xxu||||| |||| 00| 0 eng d | ||
| 010 | _aENG-92683 | ||
| 020 |
_a8128814974 _c95.00 |
||
| 035 | _aEN-76216 | ||
| 037 | _bDBAD / PUB | ||
| 040 |
_adpl _bEnglish |
||
| 082 | _a301.153 | ||
| 100 | _aShukla, Praveen | ||
| 245 |
_aGandhi and Gandhigiri / _cby Praveen Shukla |
||
| 260 |
_aNew Delhi _bDiamond Pocket Books _c2007 |
||
| 270 |
_aX-30, Okhla Industrial Area, Phase-II, _bNew Delhi _e110020 |
||
| 300 |
_a48p.: _bcol. photos _c20cn (pbk) |
||
| 600 |
_aGandhi, Mahatma,1869-1948. _xPolitical and social views. |
||
| 942 |
_2ddc _cEN _mSHU _h301.153 |
||
| 999 |
_c22610 _d22610 |
||